| 000 | 00592cam a2200205 a 4500 | ||
|---|---|---|---|
| 003 | OSt | ||
| 005 | 20141104125618.0 | ||
| 008 | 940421s1994 maua b 001 0 eng | ||
| 010 | _a 94018035 | ||
| 020 | _a0-87584-416-2 | ||
| 040 | _cBMC | ||
| 082 | _a658.15 | ||
| 100 | 1 |
_aHamel, Gary _920540 |
|
| 245 | 1 | 0 |
_aCompeting for the future _cGary Hamel, C.K. Prahalad |
| 260 |
_aBoston, Mass _bHarvard Business School Press _ccop. 1994 |
||
| 300 |
_aXV, 327 p. _bil. _c24 cm |
||
| 650 | 2 | 4 |
_aPlanificación de empresas _96422 |
| 700 | 1 |
_aPrahalad, C. K. _920541 _d1941-2010 |
|
| 942 |
_2ddc _cBK |
||
| 999 |
_c14847 _d14847 |
||